ბათუმის შოთა რუსთაველის სახელმწიფო უნივერსიტეტის ბიბლიოთეკა

დიდი მოურავი. (ბიბ.ჩანაწერი № 44028)

000 -LEADER
fixed length control field 00689nam a2200229Ia 4500
001 - CONTROL NUMBER
control field 10779
003 - CONTROL NUMBER IDENTIFIER
control field GE_BSU
008 - FIXED-LENGTH DATA ELEMENTS--GENERAL INFORMATION
fixed length control field 181216s||||||||xx |||||||||||||| ||und||
040 ## - CATALOGING SOURCE
Transcribing agency GE_BSU
080 ## - UNIVERSAL DECIMAL CLASSIFICATION NUMBER
Universal Decimal Classification number 821.353.1-311.6
100 ## - MAIN ENTRY--PERSONAL NAME
Personal name ქვარიანი,სიმონ
245 ## - TITLE STATEMENT
Title დიდი მოურავი.
245 ## - TITLE STATEMENT
Remainder of title რომანი.
245 ## - TITLE STATEMENT
Statement of responsibility, etc. რედ.გ.ნატროშვილი;მხატვ.გ.ჯაფარიძე.
260 ## - PUBLICATION, DISTRIBUTION, ETC.
Place of publication, distribution, etc. თბილისი.
260 ## - PUBLICATION, DISTRIBUTION, ETC.
Name of publisher, distributor, etc. სახელგამი.
260 ## - PUBLICATION, DISTRIBUTION, ETC.
Date of publication, distribution, etc. 1949.
300 ## - PHYSICAL DESCRIPTION
Extent 410გვ;20სმ.
300 ## - PHYSICAL DESCRIPTION
Accompanying material ილ.
653 ## - INDEX TERM--UNCONTROLLED
Uncontrolled term დიდი მოურავი.
942 ## - ADDED ENTRY ELEMENTS (KOHA)
Koha item type წიგნი
ეგზემპლარები
Withdrawn status Lost status Damaged status Not for loan Date acquired Barcode Date last seen Price effective from Koha item type
        2018-12-17 35238 2018-12-17 2018-12-17 წიგნი
        2018-12-17 35239 2018-12-17 2018-12-17 წიგნი
        2018-12-17 35240 2018-12-17 2018-12-17 წიგნი
        2018-12-17 35241 2018-12-17 2018-12-17 წიგნი
        2018-12-17 35242 2018-12-17 2018-12-17 წიგნი